[Event "FIN-chT1 Gp1"]
[Site "Finland"]
[Date "2023.04.01"]
[Round "7.4"]
[White "Impivaara, Anton"]
[Black "Syvalahti, Heikki"]
[Result "1-0"]
[WhiteElo "1858"]
[BlackElo "2054"]
[PlyCount "91"]
[EventDate "2022.09.24"]
[EventType "team-tourn"]
[EventRounds "7"]
[EventCountry "FIN"]
[SourceTitle "EXT 2025"]
[Source "ChessBase"]
[SourceDate "2024.10.14"]
[SourceVersion "1"]
[SourceVersionDate "2024.10.14"]
[SourceQuality "1"]
[WhiteTeam "Turku TuTS II"]
[BlackTeam "Raasepori KarjUra"]
[WhiteTeamCountry "FIN"]
[BlackTeamCountry "FIN"]

1. d4 Nf6 2. c4 g6 3. Nf3 Bg7 4. Nc3 d5 5. cxd5 Nxd5 6. e4 Nxc3 7. bxc3 c5 8. Be3 0-0 9. Be2 Qa5 10. Qd2 Rd8 11. Rb1 a6 12. Rc1 b5 13. 0-0 Bb7 14. Qc2 Nd7 15. d5 c4 16. Bd4 Nb6 17. Bc5 Nc8 18. a4 Qc7 19. Bd4 Nb6 20. Bxg7 Kxg7 21. axb5 axb5 22. Nd4 Ra5 23. f4 Rda8 24. Rb1 Qc5 25. Kh1 Ra2 26. Rb2 Rxb2 27. Qxb2 Ra5 28. f5 Nd7 29. Qd2 Qd6 30. fxg6 hxg6 31. Qg5 Qe5 32. Nf5+ Kf8 33. Qh6+ Kg8 34. Qg5 Kf8 35. Qh6+ Ke8 36. Ng7+ Kd8 37. Rxf7 Ra1+ 38. Rf1 Rxf1+ 39. Bxf1 Kc7 40. Ne6+ Kb8 41. Qxg6 Qxc3 42. Qe8+ Bc8 43. Qxe7 Qa5 44. Qd6+ Kb7 45. Qc6+ Kb8 46. Nd4 1-0